Conductas de acoso y amenaza entre escolares

Guardat en:
Dades bibliogràfiques
Autor principal: Olweus, Dan (autor)
Format: Llibre
Idioma:espanyol
Publicat: Madrid Morata 2006
Edició:2a. ed
Col·lecció:Para Educadores, 4
Matèries:
Etiquetes: Afegir etiqueta
Sense etiquetes, Sigues el primer a etiquetar aquest registre!

MARC

LEADER 00000nam a2200000 a 4500
001 UCI9202
003 CL-VaPUC
008 081030e20060000SP |||||||||||||||||spa|d
020 |a 9972205339 
082 0 4 |a 371.782  |b OLW  |2 21 
100 |a Olweus, Dan  |e autor  |9 532818 
245 1 0 |a Conductas de acoso y amenaza entre escolares 
250 |a 2a. ed 
300 |a 166 p 
942 |c BK 
945 |d 20081030 00:00:00  |a rbrito 
260 |a Madrid  |b Morata  |c 2006 
650 7 |a BULLYING  |2 CL-VaPUC  |9 525095 
650 0 |a Disciplina escolar  |9 271077 
650 0 |a Agresividad  |9 257862 
650 0 |a Violencia escolar  |9 453211 
650 7 |a INTIMIDACION  |2 CL-VaPUC  |9 525358 
650 7 |a MEDIDAS DISCIPLINARIAS  |2 CL-VaPUC  |9 532819 
583 |a last modification  |c 20180514 10:14:22  |k Rodrigo Vera 
490 0 |a Para Educadores, 4 
999 |c 331786  |d 331784 
952 |0 0  |1 0  |4 0  |6 371_782000000000000_OLW_2006  |7 0  |8 A  |9 418895  |a BIBEDU  |b BIBEDU  |d 2019-11-22  |i 4494008  |l 2  |o 371.782 OLW 2006  |p 4494008  |r 2023-06-19  |s 2023-06-19  |w 2019-11-22  |y BK  |k EBA